Türkiye'de yerel politikanın yükselişi (Record no. 9584)

MARC details
000 -BAŞLIK
Sabit Uzunlukta Kontrol Alanı 00813na a2200265 4500
001 - KONTROL NUMARASI
Denetim Alanı 18746
003 - KONTROL NUMARASI IDENTIFIER
Denetim Alanı MIRAKIL
005 - SON İŞLEM TARİHİ VE ZAMANI
Denetim Alanı 20181213155251.0
008 - SABİT-BOY VERİ ELEMANLARI - GENEL BİLGİLER
Sabit Uzunlukta Kontrol Alanı 161125b tu 000 0
020 ## - ULUSLARARASI STANDART KİTAP NUMARASI
Uluslararası Standart Kitap Numarası 9786053990178
035 ## - SİSTEM KONTROL NUMARASI
Sistem Kontrol Numarası 18746
040 ## - KATALOGLAMA KAYNAK
Orijinal Kataloglama Ajansı Milas
Kataloglama Dili tur
Metne Dönüştürmek Ajansı TR-AnCHP
041 ## - DİL KODU
Metin / Ses Parça Veya Ayrı Başlığın Dil Kodu tur
082 ## - DEWEY ONLU SINIFLANDIRMA NUMARASI
Sınıflandırma Numarası 352.9561
Ürün Numarası E62 2008
090 ## - SINIFLAMA NUMARASI
Sınıflama Numarası 352.9561 E62 2008
100 ## - ANA GİRİŞ - KİŞİSEL İSİM
Kişisel Ad Erder, Sema
245 ## - BAŞLIK TABLOSU
Başlık Türkiye'de yerel politikanın yükselişi
Başlığın Kalan İstanbul Büyükşehir Belediyesi, 1984-2004
Sorumluluk Tablosu, Vb Sema Erder, Nihal İncioğlu
260 ## - YAYIN, DAĞITIM, VB
Yayın, Dağıtım, Vb Yeri İstanbul
Yayıncı, Dağıtıcı, Vs Adı İstanbul Bilgi Üniversitesi Yayınları
Yayın, Dağıtım, Vb Tarihi 191
300 ## - FİZİKSEL TANIM
Kapsam 179 s.
Boyutlar 23 sm.
490 ## - SERİSİ TABLOSU
Seri Beyanı İstanbul Bilgi Üniversitesi yayınları
Hacim / Ardışık Tanımı 191
500 ## - GENEL NOT
Genel Not Dizin var.
650 ## - KONU KATMA GİRİŞ - TOPİKAL DÖNEM
Topikal Süreli Veya Coğrafi Ad Giriş Elemanı Yerel yönetimler
Coğrafi Alt Bölümü Türkiye
700 ## - KATMA GİRİŞ - KİŞİSEL İSİM
Kişisel Ad İncioğlu, Nihal
942 ## - EKLENDİ GİRİŞ ELEMANLARI (KOHA)
Sınıflandırma Veya Raf Düzeni Kaynak
Koha Öğesi Türü Books
999 ## - SİSTEM KONTROL NUMARALARI (KOHA)
Koha Biblionumber 9584
Koha Biblioitemnumber 9584
Holdings
Kalıcı Konum Mevcut Konum Edinme Tarihi Edinim Kaynak Toplam Check-Out'Lar Tam Çağrı Numarası Barkod Tarih Son Görülme İtibaren Geçerli Fiyatlar Koha Öğesi Türü
CHP Kütüphanesi CHP Kütüphanesi 11/25/2016 Bağış   352.9561 E62 2008 009720 11/25/2016 11/25/2016 Books